Finance : (Record no. 13820)
[ view plain ]
| 000 -LEADER | |
|---|---|
| fixed length control field | 00583nam a22001697a 4500 |
| 008 - FIXED-LENGTH DATA ELEMENTS--GENERAL INFORMATION | |
| fixed length control field | 160920b xxu||||| |||| 00| 0 eng d |
| 020 ## - INTERNATIONAL STANDARD BOOK NUMBER | |
| International Standard Book Number | 9780073382258 |
| 050 ## - LIBRARY OF CONGRESS CALL NUMBER | |
| Classification number | HG 173 |
| Item number | .C679 2009 |
| 100 ## - MAIN ENTRY--PERSONAL NAME | |
| Personal name | Cornett, marcia millon. |
| 245 ## - TITLE STATEMENT | |
| Title | Finance : |
| Remainder of title | Application and theory/ |
| Statement of responsibility, etc. | Marcia millon cornett,Troy A. Adair and John Nofsinger |
| 260 ## - PUBLICATION, DISTRIBUTION, ETC. (IMPRINT) | |
| Place of publication, distribution, etc. | Boston Bur Ridge: |
| Name of publisher, distributor, etc. | Mcgraw hill; |
| Date of publication, distribution, etc. | 2009. |
| 300 ## - PHYSICAL DESCRIPTION | |
| Extent | xxiii,655p. :ill. ; |
| Other physical details | Includes index |
| 650 ## - SUBJECT ADDED ENTRY--TOPICAL TERM | |
| Topical term or geographic name as entry element | Finance. |
| 700 ## - ADDED ENTRY--PERSONAL NAME | |
| Personal name | Adair, Troy A. |
| 700 ## - ADDED ENTRY--PERSONAL NAME | |
| Personal name | Nofsinger, John |
| 942 ## - ADDED ENTRY ELEMENTS (KOHA) | |
| Source of classification or shelving scheme | |
| Koha item type | Hard Covered Materials |
| Classification part | HG 173 .C679 2009 |
| Withdrawn status | Lost status | Source of classification or shelving scheme | Damaged status | Not for loan | Home library | Current library | Shelving location | Date acquired | Source of acquisition | Total Checkouts | Full call number | Barcode | Date last seen | Price effective from | Koha item type |
|---|---|---|---|---|---|---|---|---|---|---|---|---|---|---|---|
| MACHAKOS UNIVERSITY LIBRARY | MACHAKOS UNIVERSITY LIBRARY | Open shelf | 20/09/2016 | Donation(BFA) | HG 173 .C679 2009 | 20788 | 03/06/2019 | 20/09/2016 | Hard Covered Materials |